000 00299nam a22001217a 4500
008 170814b xxu||||| |||| 00| 0 eng d
041 _aeng
080 _a51
100 _a36
101 _aMAT
245 _aLECTURE OPEARTIONS RESEARCH AND MATHEMATICAL SYSTEMS S
_cBECKMANN.M
942 _2udc
_cBK
999 _c23257
_d23257